[Event "Niederbayernliga 1415"]
[Site "Bayern"]
[Date "2014.11.09"]
[Round "2.7"]
[White "Niedermeier, Johann"]
[Black "Kurz, Helmut"]
[Result "1/2-1/2"]
[WhiteElo "1814"]
[BlackElo "1724"]
[PlyCount "51"]
[EventDate "2014.10.19"]
[EventType "team-tourn"]
[EventRounds "9"]
[EventCountry "GER"]
[SourceTitle "EXT 2023"]
[Source "ChessBase"]
[SourceDate "2022.10.05"]
[SourceVersion "1"]
[SourceVersionDate "2022.10.05"]
[SourceQuality "1"]
[WhiteTeam "Geiselhoering"]
[BlackTeam "Landau Dingolfing"]
[WhiteTeamCountry "GER"]
[BlackTeamCountry "GER"]

1. d4 d5 2. Nf3 f5 3. e3 Nf6 4. c4 c6 5. Nc3 e6 6. a3 a6 7. Be2 Bd6 8. c5 Bc7 9. b4 Ne4 10. Bb2 Nd7 11. h3 Ndf6 12. Qc2 Bd7 13. Nxe4 Nxe4 14. Nd2 Qh4 15. Nxe4 Qxe4 16. Qxe4 fxe4 17. f4 exf3 18. Bxf3 Bg3+ 19. Ke2 Ke7 20. Rhf1 Rhf8 21. Bg4 Rxf1 22. Rxf1 Rf8 23. Rxf8 Kxf8 24. Kf3 Bc7 25. e4 Bd8 26. Ke3 1/2-1/2

[Event "Niederbayernliga 1112"]
[Site "Bayern"]
[Date "2012.??.??"]
[Round "7"]
[White "Niedermeier, Johann"]
[Black "Denk, Tobias"]
[Result "1/2-1/2"]
[WhiteElo "1790"]
[BlackElo "1823"]
[PlyCount "50"]
[EventDate "2011.10.??"]
[EventType "team-tourn"]
[EventRounds "9"]
[EventCountry "GER"]
[SourceTitle "EXT 2023"]
[Source "ChessBase"]
[SourceDate "2022.10.05"]
[SourceVersion "1"]
[SourceVersionDate "2022.10.05"]
[SourceQuality "1"]
[WhiteTeam "Geiselhoering"]
[BlackTeam "Ergolding"]
[WhiteTeamCountry "GER"]
[BlackTeamCountry "GER"]

1. d4 Nf6 2. Nf3 d6 3. Bg5 g6 4. c3 Bg7 5. Nbd2 0-0 6. e3 Bf5 7. Be2 c5 8. 0-0 Nc6 9. Nh4 Bd7 10. Nhf3 Re8 11. Re1 Qc7 12. Bd3 e5 13. dxe5 dxe5 14. e4 Rad8 15. Qc2 Bg4 16. Be2 Rd7 17. Rad1 Red8 18. Nc4 Be6 19. Ne3 Qa5 20. Rxd7 Rxd7 21. b3 b5 22. Rd1 Rxd1+ 23. Bxd1 Ne7 24. Be2 a6 25. h3 Qd8 1/2-1/2

[Event "Niederbayernliga 1011"]
[Site "Germany"]
[Date "2011.04.10"]
[Round "9.5"]
[White "Koenigl, Anton"]
[Black "Niedermeier, Johann"]
[Result "0-1"]
[WhiteElo "1707"]
[BlackElo "1759"]
[PlyCount "137"]
[EventDate "2010.10.10"]
[EventType "team-tourn"]
[EventRounds "9"]
[EventCountry "GER"]
[SourceTitle "EXT 2012"]
[Source "ChessBase"]
[SourceDate "2011.11.24"]
[SourceVersion "1"]
[SourceVersionDate "2011.11.24"]
[SourceQuality "1"]
[WhiteTeam "Ergolding"]
[BlackTeam "Geiselhoering"]
[WhiteTeamCountry "GER"]
[BlackTeamCountry "GER"]

1. e4 e6 2. d4 d5 3. Nd2 dxe4 4. Nxe4 Be7 5. Bd3 Nf6 6. Nf3 Nbd7 7. 0-0 0-0 8. Re1 b6 9. Qe2 Bb7 10. c3 Nxe4 11. Bxe4 Bxe4 12. Qxe4 Nf6 13. Qe2 c5 14. Bf4 Re8 15. Rad1 Qc8 16. h3 Qb7 17. Bh2 Rad8 18. Be5 Nd7 19. Bf4 Nf6 20. Qc2 cxd4 21. Nxd4 a6 22. Nf3 Nd5 23. Qe4 Qc8 24. Bg3 Nf6 25. Rxd8 Rxd8 26. Qe2 b5 27. Be5 Nd7 28. Bd4 Bc5 29. Rd1 Bxd4 30. Rxd4 Nc5 31. Qd2 Rxd4 32. Qxd4 Na4 33. Qd2 h6 34. Ne5 Qc7 35. Nd3 Qd6 36. Qc2 Nb6 37. Qe2 Qd5 38. Nb4 Qb7 39. Qd3 a5 40. Qd8+ Kh7 41. Qd3+ g6 42. Nc2 Nc4 43. b3 Ne5 44. Qe3 Nd7 45. Nd4 e5 46. Nf3 Qc7 47. Qd3 Qc6 48. Qe3 Qc7 49. Nd2 Nb6 50. Qd3 Qc6 51. c4 b4 52. Qe3 Qc7 53. Ne4 Nd7 54. Qd2 Kg7 55. Nd6 Qc6 56. Ne8+ Kf8 57. Qd6+ Qxd6 58. Nxd6 Nc5 59. f3 f5 60. Nc8 Ke8 61. Nb6 Ke7 62. Kf1 Nd3 63. Ke2 Nc1+ 64. Kd2 Nxa2 65. Nd5+ Kd6 66. Kc2 e4 67. fxe4 fxe4 68. g4 e3 69. Nxe3 0-1

[Event "Niederbayernliga 1011"]
[Site "Germany"]
[Date "2010.12.12"]
[Round "4.5"]
[White "Niedermeier, Johann"]
[Black "Dick, Andreas"]
[Result "1/2-1/2"]
[WhiteElo "1759"]
[BlackElo "1844"]
[PlyCount "105"]
[EventDate "2010.10.10"]
[EventType "team-tourn"]
[EventRounds "9"]
[EventCountry "GER"]
[SourceTitle "EXT 2012"]
[Source "ChessBase"]
[SourceDate "2011.11.24"]
[SourceVersion "1"]
[SourceVersionDate "2011.11.24"]
[SourceQuality "1"]
[WhiteTeam "Geiselhoering"]
[BlackTeam "Bayerwald"]
[WhiteTeamCountry "GER"]
[BlackTeamCountry "GER"]

1. d4 d5 2. Nf3 Nf6 3. Bf4 e6 4. c3 Bd6 5. Bxd6 Qxd6 6. Nbd2 Nbd7 7. e3 0-0 8. Be2 c6 9. 0-0 Re8 10. c4 e5 11. dxe5 Nxe5 12. cxd5 Qxd5 13. Nb3 Ng6 14. Qxd5 Nxd5 15. Rfd1 Nf8 16. Rac1 Ne6 17. Nfd4 Nxd4 18. Rxd4 Nc7 19. Rcd1 Ne6 20. R4d2 Kf8 21. Bc4 Ke7 22. f3 Rd8 23. Rxd8 Nxd8 24. Nc5 b6 25. Ne4 Be6 26. Nd6 Bxc4 27. Nxc4 f6 28. Kf2 Ne6 29. h4 Rd8 30. Rxd8 Nxd8 31. g4 Ne6 32. f4 Nc5 33. Ke2 Ke6 34. b4 Ne4 35. a3 Kd5 36. Nb2 c5 37. bxc5 Nxc5 38. g5 f5 39. h5 b5 40. Kd2 a5 41. Nd1 b4 42. axb4 axb4 43. Nb2 h6 44. gxh6 gxh6 45. Kc2 Ne4 46. Nd3 Ng3 47. Ne5 Nxh5 48. Nf7 Ng3 49. Nxh6 Ke4 50. Kb3 Kxe3 51. Kxb4 Kxf4 52. Kc4 Ke3 53. Nxf5+ 1/2-1/2

[Event "Niederbayernliga 0910"]
[Site "Germany"]
[Date "2009.11.15"]
[Round "2.6"]
[White "Gilg, Alfred"]
[Black "Niedermeier, Johann"]
[Result "1/2-1/2"]
[WhiteElo "1827"]
[BlackElo "1732"]
[PlyCount "115"]
[EventDate "2009.10.18"]
[EventType "team-tourn"]
[EventRounds "9"]
[EventCountry "GER"]
[SourceTitle "EXT 2011"]
[Source "ChessBase"]
[SourceDate "2010.11.26"]
[SourceVersion "1"]
[SourceVersionDate "2010.11.26"]
[SourceQuality "1"]
[WhiteTeam "Bayerwald"]
[BlackTeam "Geiselhoering"]
[WhiteTeamCountry "GER"]
[BlackTeamCountry "GER"]

1. Nf3 Nf6 2. g3 d5 3. c4 c6 4. b3 g6 5. Bb2 Bg7 6. Bg2 0-0 7. d3 dxc4 8. bxc4 Qb6 9. Qb3 Nbd7 10. 0-0 Qxb3 11. axb3 Ng4 12. Bxg7 Kxg7 13. d4 Ngf6 14. Nc3 e6 15. e4 Rd8 16. e5 Ne8 17. Rfd1 Nb6 18. Ng5 h6 19. Nge4 a6 20. Na4 Nd7 21. f4 Rb8 22. Nac5 Nxc5 23. dxc5 Bd7 24. Rd3 Rbc8 25. Rad1 Rc7 26. b4 Kf8 27. b5 axb5 28. cxb5 cxb5 29. Nd6 Bc6 30. Bf1 Ra8 31. Rb3 Rb8 32. Bxb5 Bxb5 33. Rxb5 Nxd6 34. exd6 Rc6 35. Kf2 Ke8 36. Ke3 b6 37. Rdb1 Rbc8 38. cxb6 Rxd6 39. Ke4 Rb8 40. Ke5 Ke7 41. g4 Rd7 42. f5 f6+ 43. Ke4 gxf5+ 44. gxf5 e5 45. R5b4 Rd2 46. h3 Rf2 47. Kd5 Kd7 48. Rd1 Rxf5 49. Ke4+ Ke6 50. Rd6+ Kxd6 51. Kxf5 Kc5 52. Rh4 Rxb6 53. Rxh6 Kd4 54. Rh8 Ke3 55. h4 Kf3 56. h5 e4 57. h6 e3 58. Re8 1/2-1/2

[Event "Niederbayernliga 0809"]
[Site "Germany"]
[Date "2009.03.15"]
[Round "8.5"]
[White "Endler, Johannes"]
[Black "Niedermeier, Johann"]
[Result "1-0"]
[WhiteElo "1766"]
[BlackElo "1734"]
[PlyCount "83"]
[EventDate "2008.10.05"]
[EventType "team-tourn"]
[EventRounds "9"]
[EventCountry "GER"]
[SourceTitle "EXT 2010"]
[Source "ChessBase"]
[SourceDate "2010.11.25"]
[SourceVersion "1"]
[SourceVersionDate "2010.11.25"]
[SourceQuality "1"]
[WhiteTeam "Simbach"]
[BlackTeam "Geiselhoering"]
[WhiteTeamCountry "GER"]
[BlackTeamCountry "GER"]

1. e4 e6 2. d4 d5 3. Bd3 dxe4 4. Bxe4 Nf6 5. Bg5 Be7 6. Bd3 c5 7. Nf3 Nc6 8. dxc5 Bxc5 9. 0-0 Be7 10. a3 Qb6 11. b4 Nd5 12. Bxe7 Ncxe7 13. c4 Nf6 14. Nc3 a6 15. Qe2 0-0 16. Rfd1 Qc7 17. Ra2 b6 18. Ne4 Bb7 19. Nxf6+ gxf6 20. Rad2 Rad8 21. Nh4 f5 22. a4 Qf4 23. g3 Qc7 24. b5 a5 25. Qe3 Ng6 26. Nxg6 hxg6 27. Qh6 Bf3 28. Re1 e5 29. Bxf5 Rxd2 30. Qxd2 Qxc4 31. Qe3 Bh5 32. Bh3 Qxa4 33. Qxe5 Qb4 34. Re4 Qb1+ 35. Kg2 f5 36. Qd5+ Kh8 37. Re7 Qb2 38. Qb7 Qf6 39. Kg1 Rd8 40. Bf1 f4 41. Rh7+ Kg8 42. Bc4+ 1-0

[Event "Niederbayernliga 0809"]
[Site "Germany"]
[Date "2008.10.05"]
[Round "1.5"]
[White "Gehann, Paul"]
[Black "Niedermeier, Johann"]
[Result "1/2-1/2"]
[WhiteElo "1806"]
[BlackElo "1734"]
[PlyCount "50"]
[EventDate "2008.10.05"]
[EventType "team-tourn"]
[EventRounds "9"]
[EventCountry "GER"]
[SourceTitle "EXT 2010"]
[Source "ChessBase"]
[SourceDate "2010.11.25"]
[SourceVersion "1"]
[SourceVersionDate "2010.11.25"]
[SourceQuality "1"]
[WhiteTeam "Ergolding"]
[BlackTeam "Geiselhoering"]
[WhiteTeamCountry "GER"]
[BlackTeamCountry "GER"]

1. e4 e6 2. d4 d5 3. e5 c5 4. c3 Nc6 5. Nf3 cxd4 6. cxd4 Bb4+ 7. Bd2 Qb6 8. Bxb4 Qxb4+ 9. Qd2 Qxd2+ 10. Kxd2 Nge7 11. Na3 a6 12. Nc2 Bd7 13. Bd3 0-0 14. Rhe1 Rac8 15. b4 Rc7 16. a4 Na7 17. Reb1 Rfc8 18. Ne3 b5 19. a5 Nac6 20. Nc2 Be8 21. Re1 Bd7 22. g3 Nd8 23. Ra2 Ndc6 24. Rb2 Nd8 25. h4 h6 1/2-1/2

[Event "Niederbayernliga 0607"]
[Site "Germany"]
[Date "2007.??.??"]
[Round "5.4"]
[White "Niedermeier, Johann"]
[Black "Wimmer, Juergen"]
[Result "1/2-1/2"]
[WhiteElo "1769"]
[BlackElo "1788"]
[PlyCount "59"]
[EventDate "2006.??.??"]
[EventType "team"]
[EventRounds "9"]
[EventCountry "GER"]
[SourceTitle "EXT 2008"]
[Source "ChessBase"]
[SourceDate "2007.11.25"]
[SourceVersion "1"]
[SourceVersionDate "2007.11.25"]
[SourceQuality "1"]
[WhiteTeam "Geiselhoering"]
[BlackTeam "Vilshofen"]
[WhiteTeamCountry "GER"]
[BlackTeamCountry "GER"]

1. e4 d6 2. d4 g6 3. Nf3 Bg7 4. c3 Bg4 5. Bf4 Nf6 6. Nbd2 Nbd7 7. Be2 0-0 8. 0-0 c5 9. dxc5 Nh5 10. Be3 Nxc5 11. Qc2 Qc7 12. Nd4 Bxe2 13. Nxe2 Nf6 14. f3 b6 15. Nb3 Nxb3 16. Qxb3 Rac8 17. Rad1 Qc4 18. Qxc4 Rxc4 19. Rd4 Rxd4 20. cxd4 Rc8 21. Rc1 Rxc1+ 22. Bxc1 Nd7 23. b3 Kf8 24. Kf2 Ke8 25. g3 Nb8 26. Bb2 Kd7 27. Bc3 e6 28. f4 d5 29. exd5 exd5 30. Ke3 1/2-1/2

[Event "Niederbayernliga 0506"]
[Site "Germany"]
[Date "2006.??.??"]
[Round "5"]
[White "Niedermeier, Johann"]
[Black "Berger, Stefan2222"]
[Result "1-0"]
[WhiteElo "1748"]
[BlackElo "1856"]
[PlyCount "93"]
[EventDate "2005.??.??"]
[EventType "team"]
[EventRounds "9"]
[EventCountry "GER"]
[SourceTitle "EXT 2008"]
[Source "ChessBase"]
[SourceDate "2007.11.25"]
[SourceVersion "1"]
[SourceVersionDate "2007.11.25"]
[SourceQuality "1"]
[WhiteTeam "Geiselhoering"]
[BlackTeam "Simbach"]
[WhiteTeamCountry "GER"]
[BlackTeamCountry "GER"]

1. d4 Nf6 2. c4 e6 3. Nc3 Bb4 4. Bd2 d5 5. e3 0-0 6. Nf3 b6 7. Be2 Nbd7 8. cxd5 exd5 9. Qb3 Bxc3 10. Qxc3 Bb7 11. b4 Ne4 12. Qb2 Ndf6 13. h3 Qd6 14. Rc1 Rfe8 15. 0-0 Nxd2 16. Nxd2 Re7 17. Rc2 Ne4 18. Nf3 f6 19. Rfc1 c6 20. a3 Rae8 21. Bd3 Qd7 22. a4 g5 23. b5 c5 24. dxc5 Nxc5 25. Be2 Qd6 26. a5 Bc8 27. Nd4 Bd7 28. Qa3 Qe5 29. Bf3 Rd8 30. Qa2 Be8 31. Rd2 Kh8 32. Rcd1 Ne4 33. Bxe4 dxe4 34. Nc6 Rxd2 35. Rxd2 Bxc6 36. bxc6 Rc7 37. Rd8+ Kg7 38. Qg8+ Kh6 39. Rd7 Rxd7 40. cxd7 Qa1+ 41. Kh2 Qe5+ 42. g3 Qf5 43. Qf8+ Kh5 44. Qe8+ Kh6 45. Kg1 Qxa5 46. d8Q Qe1+ 47. Kg2 1-0